000 00460nam a22001817a 4500
003 OSt
005 20241105101036.0
008 241105b |||||||| |||| 00| 0 eng d
040 _cMRSPTU
041 _aENG
082 _a346.048
_bSI-I
100 _aSingh, Phundan
245 _aIntroduction to Intellectual Property Rights
260 _aNew Delhi
_bAstral International Pvt. Ltd.
_c2016
300 _a174
650 _aAgriculture
942 _2ddc
_cBK
_n0
999 _c10426
_d10426